00675 2200253 4500001002100000005001500021035002000036007000300056008004100059020001800100082000800118084001400126100002400140245004300164250001200207300004000219650001700259650002200276264003600298336002100334337003000355338002300385990001300408INLIS00000000003905520211209013151 a0010-1121000158ta211209 0 ind  a9786022625957 a410 a410 MEG i0 aMegawatiePengarang1 aIntroduction to Linguistic /cMegawati aedisi 1 ax,136 halaman :bilustrasi ;c25 cm 4aBahasa, ilmu 4aLanguage, science aYogyakarta :bGraha Ilmu,c2017 2rdacontentaTeks 2rdamediaaTanpa Perantara 2rdacarrieraVolume a21/00237